Conferencia pronunciada por el señor don Gumersindo Azcárate, el día 18 de diciembre de 1891. (Record no. 187948)

MARC details
000 -LEADER
campo de control de longitud fija 00999nam a2200229 i 4500
001 - NÚMERO DE CONTROL
campo de control 187948
003 - IDENTIFICADOR DE NÚMERO DE CONTROL
campo de control ES-MaACL
005 - FECHA Y HORA DE LA ÚLTIMA TRANSACCIÓN
campo de control 20250603182317.0
008 - DATOS DE LONGITUD FIJA--INFORMACIÓN GENERAL
campo de control de longitud fija 180328s1892 sp |||| | spa d
100 1# - ENTRADA PRINCIPAL--NOMBRE DE PERSONA
Nombre de persona Azcárate, Gumersindo de,
Fechas asociadas al nombre 1840-1917
9 (RLIN) 24243
245 10 - MENCIÓN DEL TÍTULO
Título Conferencia pronunciada por el señor don Gumersindo Azcárate, el día 18 de diciembre de 1891.
246 3# - FORMA VARIANTE DEL TITULO
Título propio/Titulo breve Teoría y práctica de las represalias en materia arancelaria
260 ## - PUBLICACIÓN, DISTRIBUCIÓN, ETC.
Lugar de publicación, distribución, etc. [S.l. :
Nombre del editor, distribuidor, etc. s.n.],
Fecha de publicación, distribución, etc. 1892 (
Lugar de fabricación/manufactura Madrid :
Fabricante Tip. de Tomás Minuesa de los Ríos)
300 ## - DESCRIPCIÓN FÍSICA
Extensión 23 p. ;
Dimensiones 23 cm.
530 ## - NOTA DISPONIBLE DE FORMULARIO FÍSICO ADICIONAL
Nota de formato físico adicional disponible Disponible en formato digital.
594 ## - Nota al título y mención de responsabilidad
Nota al título y mención de responsabilidad Precede al tít.: Círculo de la Unión Mercantil e Industrial.
651 #7 - PUNTO DE ACCESO ADICIONAL DE MATERIA--NOMBRE GEOGRÁFICO
Nombre geográfico España-
Subdivisión general Política comercial-
Subdivisión cronológica S.XIX
Fuente del encabezamiento o término
9 (RLIN) 172067
710 2# - ENTRADA AGREGADA--NOMBRE DE ENTIDAD CORPORATIVA
Nombre de entidad corporativa o nombre de jurisdicción como elemento de entrada Círculo de la Unión Mercantil e Industrial (Madrid)
9 (RLIN) 2827
852 ## - LOCALIZACIÓN
Ubicación ES-MaACL
Número de control de estantería F-13197(1)
856 ## - LOCALIZACIÓN Y ACCESO ELECTRÓNICOS
Identificador Uniforme de Recursos <a href="http://bdh-rd.bne.es/viewer.vm?id=0000243068&page=1 ">http://bdh-rd.bne.es/viewer.vm?id=0000243068&page=1 </a>
Nota pública Biblioteca Digital Hispánica
Holdings
Estatus retirado Estado de pérdida Estado de daño No para préstamo Colección Biblioteca de origen Biblioteca actual Ubicación en estantería Fecha de adquisición Fuente de adquisición Total de préstamos Signatura topográfica completa Código de barras Visto por última vez Precio de reemplazo Tipo de ítem Koha
        Colección digital Biblioteca del Ateneo de Madrid Biblioteca del Ateneo de Madrid Sala Pecera Planta 2 28/03/2018     F-13197(1) 1198600 23/02/2023 23/02/2023 Libro impreso antiguo